00706cam a2200157 a 4500020001500000040000800015082002600023245004600049260014600095300004000241500016700281650002200448650002200470700001800492710003800510 a9971690632 cDLC00a333 PUB 1983 A079 Or.00aNatural resources in tropical countries / aSingapore :bPublished by Singapore University Press with a grant from the Commonwealth Foundation and the United Nations University,cc1983. axxi, 549 p. :bill., maps ;c24 cm. aPapers presented at a workshop of the Commonwealth Geographical Bureau held in the Centre for Development Studies, University College of Swansea, Apr. 7-14, 1981. 0aNatural resources 0aNatural resources1 aOoi, Jin-Bee.2 aCommonwealth Geographical Bureau.